01358nam a2200289 a 4500001001000000005001700010008004100027041000800068044000800076084002000084100004500104245010900149260003200258300004800290500012700338500005600465500015400521500008300675500001000758546002400768650005200792650005600844650003400900650004500934700003900979740005001018BRCA_330820190320204221.0190309s1870----enka---###---#000-0#eng-# aeng aenk a602b.D35c18701 aCervantes Saavedra, Miguel ded1547-161610aDon Quixote de la ManchacTranslated from the Spanish of Miguel de Cervantes Saavedra by Charles Jarvis. aLondresbCharles Dalyc1870 a1 v. en 2 partes (xix, 491 p.)bil.c18 cm. aContenido : Primera parte. Noticia sobre la vida de Cervantes y prólogo del mismo. Segunda parte. Prólogo de Cervantes aEdición : Embellished with Illustrations on Steel aReproducción de la traducción de Jarvis, publicada hace 1850, por el mismo editor. Semipiel; lomo y planos adornados con dorados Lúdovik Osterc aEstado físico : Encuadernación ligeramente desprendida. Firma en la guarda aQM850 aTexto en : inglés14aNovela españolayÉpoca clásica, 1500-170014aLiteratura españolayÉpoca clásica, 1500-170014aNovela españolaySiglo XVII14aDon Quijote (Personaje ficticio)eNovela1 aJarvis, Charlesd?-1739eTraductor0 aEl Ingenioso Hidalgo Don Quijote de la Mancha